000 00500nam a2200181Ia 4500
005 20260525142647.0
008 131103s9999 xx 000 0 und d
040 _aLoreto College
041 _aEnglish
082 _a820
_bENG
245 _aEnglish literature
_b From the 16th century to the Present
250 _aRevised ed.
260 _aLondon
_bLongmans, Green 7 CO.
_c1965
300 _aVii,161p.
650 _aEnglish literature - History and criticism
850 _aLCLIB
942 _cBK
999 _c21108
_d71587